banner-ar

حرب المورة فى الوثائق النمساوية / (Record no. 59929)

MARC details
000 -الفاتح
حقل البيانات ثابتة الطول 01618nam a2200325 4500
005 - وقت وتاريخ اخر تعامل مع التسجيلة
رقم الضبط 20240530110343.0
008 - عناصر البيانات ثابتة الطول - معلومات عامة
حقل البيانات ثابتة الطول 141125s2009 ua grb 000 0 ara d
017 ## - رقم الايداع القانونى
رقم الايداع القانونى 8524/2009
المصدر ( الهيئة المختصة) مصر . دار الكتب المصرية
020 ## - الرقم الدولى المعيارى للكتب
الرقم الدولى المعيارى للكتاب 9771806262
040 ## - مصدر الفهرسة
وكالة الفهرسة الأصلية EG-CaGPL
041 ## - رمز اللغة
رمز لغة النص/ المسارات الصوتية أو العنوان الانفرادي ara
082 04 - رقم تصنيف ديوى العشرى
رقم الطبعة 21
رقم التصنيف 949.5072\
رقم المادة ع ح
100 0# - المدخل الرئيسى - إسم شخصى
الإسم الشخصى عبدالله محمد ابو هشه
245 1# - بيان العنوان
العنوان حرب المورة فى الوثائق النمساوية /
بيان المسئوليه,etc ترجمة ومراجعة وتقديم عبدالله محمد ابو هشة ؛ المراجعة التاريخية على بركات ؛ شارك فى الترجمة رانيا صلاح الدين محمد ، ريهام نبيل سالم ، فاطمة محمود عكاشة
250 ## - بيان الطبعة
بيان الطبعة ط1
260 ## - PUBLICATION, DISTRIBUTION, ETC. (IMPRINT)
تاريخ النشر أو التوزيع 2009
300 ## - الوصف المادى
التعداد 502 ص ؛
أبعاد الوعاء 24 سم
504 ## - تبصرة ببليوجرافية
تبصرة ببليوجرافية,الخ ببليوجرافية : ص 497 - 502
650 04 - المدخل الاضافى بالموضوع-مصطلح موضوعى
مصطلح موضوعي الامبراطورية العثمانية
التقسيم الفرعي العام تاريخ
650 04 - المدخل الاضافى بالموضوع-مصطلح موضوعى
مصطلح موضوعي الوثائق النمساوية
650 04 - المدخل الاضافى بالموضوع-مصطلح موضوعى
مصطلح موضوعي الجيش المصرى
التقسيم الفرعي الزمني عصر محمد على
650 04 - المدخل الاضافى بالموضوع-مصطلح موضوعى
مصطلح موضوعي حرب المورة
التقسيم الفرعي العام وثائق
651 04 - المدخل الاضافى بالموضوع - اسم جغرافى
الاسم الجغرافي اليونان
التقسيم الفرعي العام تاريخ
-- الحكم العثمانى
700 0# - المدخل الاضافى - اسم شخصى
الإسم الشخصى على بركات
الدور مراجع تاريخى
700 0# - المدخل الاضافى - اسم شخصى
الإسم الشخصى رانيا صلاح الدين محمد
الدور مترجم
700 0# - المدخل الاضافى - اسم شخصى
الإسم الشخصى ريهام نبيل سالم
الدور مترجم مشارك
700 0# - المدخل الاضافى - اسم شخصى
الإسم الشخصى فاطمة محمود عكاشة
الدور مترجم مشارك
942 ## - عناصر المدخل الإضافي( كوها)
مصدر التصنيف او مخطط الترفيف Dewey Decimal Classification
Koha [default] item type كتاب
260 ## - PUBLICATION, DISTRIBUTION, ETC. (IMPRINT)
-- القاهرة :
-- دار الكتب والوثائق القومية ، المركز القومى للترجمة ،
Holdings
حالة التراجع حالة الفقد حالة تلف ليس للاعارة المكان المؤقت الموقع الحالى تاريخ الاكتساب اجمالي اﻻعارات رقم الطلب الباركود تاريخ اخر مشاهدة تاريخ تفعيل السعر نوع وعاء كوها
        مكتبة القاهرة الكبرى مكتبة القاهرة الكبرى 11/25/2014   949.5072\ ع ح 158893 11/25/2014 11/25/2014 كتاب

Powered By

EGPV